| 000 | 00344 a2200109 4500 | ||
|---|---|---|---|
| 001 | ART_59293 | ||
| 005 | 20260410161823.0 | ||
| 008 | 260409a | ||
| 245 | 1 | 0 | _aLa inadecuada costumbre fiscal de negar la prueba |
| 100 | 1 | _aVega, Gerardo E. | |
| 773 | 0 |
_tDoctrina Penal Tributaria y Económica _g- N° 69 (sep. 2023) _wREV4317 |
|
| 999 |
_c22537 _d22537 |
||